Giáo trình nguyên lý hệ điều hành

Sách gồm 12 chương giới thiệu các nội dung: sử dụng hệ điều hành, cấu trúc hệ điều hành, tiến trình, điều phối tiến trình, tương tranh và đồng bộ, bế tắc, quản lý thiết bị, quản lý bộ nhớ, bộ nhớ ảo, hệ thống file, bảo vệ và an...

Full beskrivning

Sparad:
Bibliografiska uppgifter
Huvudupphovsman: Hồ, Đắc Phương
Materialtyp: Bok
Språk:Undetermined
Publicerad: H. Giáo dục Việt Nam 2009
Ämnen:
Länkar:http://lrc.tdmu.edu.vn/opac/search/detail.asp?aID=2&ID=6465
Taggar: Lägg till en tagg
Inga taggar, Lägg till första taggen!
Thư viện lưu trữ: Trung tâm Học liệu Trường Đại học Thủ Dầu Một
LEADER 01095nam a2200205Ia 4500
001 TDMU_6465
008 210410s9999 xx 000 0 und d
082 |a 005.4 
090 |b H450 
100 |a Hồ, Đắc Phương 
245 0 |a Giáo trình nguyên lý hệ điều hành 
245 0 |c Hồ Đắc Phương 
260 |a H. 
260 |b Giáo dục Việt Nam 
260 |c 2009 
300 |a 271tr. 
520 |a Sách gồm 12 chương giới thiệu các nội dung: sử dụng hệ điều hành, cấu trúc hệ điều hành, tiến trình, điều phối tiến trình, tương tranh và đồng bộ, bế tắc, quản lý thiết bị, quản lý bộ nhớ, bộ nhớ ảo, hệ thống file, bảo vệ và an ninh. 
650 |a Hệ điều hành máy tính  |v Giáo trình; ; Máy tính - Trương trình hệ thống 
856 |u http://lrc.tdmu.edu.vn/opac/search/detail.asp?aID=2&ID=6465 
980 |a Trung tâm Học liệu Trường Đại học Thủ Dầu Một